Transfer poznatkov v procese technologických, sociálnych a ekonomických zmien
Využitie vedeckých poznatkov v hospodárskej sfére. Nástroje podpory výskumu a vývoja formou investičných stimulov. Vysoké školy a výskum v kontexte národného programu reforiem.
Salvato in:
| Autore principale: | |
|---|---|
| Natura: | Capitolo di libro |
| Lingua: | slovacco |
| Soggetti: | |
| Tags: |
Nessun Tag, puoi essere il primo ad aggiungerne!!
|
MARC
| LEADER | 00000naa$a2200000$$$4500 | ||
|---|---|---|---|
| 001 | 0090304 | ||
| 005 | 20231011120237.3 | ||
| 041 | 0 | |a slo | |
| 044 | |a SK | ||
| 245 | 1 | 0 | |a Transfer poznatkov v procese technologických, sociálnych a ekonomických zmien |c Jozef Habánik |
| 520 | |a Využitie vedeckých poznatkov v hospodárskej sfére. Nástroje podpory výskumu a vývoja formou investičných stimulov. Vysoké školy a výskum v kontexte národného programu reforiem. | ||
| 610 | 2 | 0 | |a vedomosti |
| 610 | 2 | 0 | |a programy rozvojové |
| 610 | 2 | 0 | |a stimuly ekonomické |
| 610 | 2 | 0 | |a prostredie ekonomické |
| 610 | 2 | 0 | |a inovácia |
| 610 | 2 | 0 | |a vzdelávanie |
| 610 | 2 | 0 | |a školy vysoké |
| 610 | 2 | 0 | |a reformy školské |
| 100 | 1 | |a Habánik, Jozef | |